000 01459nam a22003977a 4500
003 CHAP
005 20220329143357.0
008 090128s2008 mx r 00010 spa d
010 _a95724
011 _a96696
035 _a107352
040 _cCHAP
090 _aTesis
100 1 _aRuíz Toledo, Wilmer.
_9100903
245 1 0 _aDiscriminación a estudiantes hombres homosexuales en la UACH, estudio de caso
_c/por Wilmer Ruíz Toledo
260 _aChapingo, Méx. :
_bEl autor,
_c2007
300 _a257 h.
502 _aTesis (Ing. Agr. Esp. en Sociología Rural) -- UACH. Departamento de Sociología Rural
530 _aTambién disponible en línea
590 _aALEPH
_b10
_c20130110
_lUCH01
_h1526
590 _aBATCH-UPD
_b10
_c20130110
_lUCH01
_h0813
590 _aBATCH-UPD
_b10
_c20130410
_lUCH01
_h0450
590 _aBATCH-UPD
_b10
_c20130914
_lUCH01
_h1247
590 _aBATCH-UPD
_b10
_c20140324
_lUCH01
_h1509
590 _aBATCH-UPD
_b10
_c20141002
_lUCH01
_h0838
590 _aCONVERSION
_b10
_c20130109
_lUCH01
_h1353
650 1 4 _aEducación superior y género.
_935671
650 1 4 _aEnfoque de género.
_936945
650 1 4 _aSexualidad humana.
_9105427
650 1 4 _aViolencia.
_9119891
856 _3Finding aid
_uhttp://10.13.5.2/tesis/107352.pdf
_zTeclea aqui
901 _aBK
942 _cFOLL
949 _aTesis
_bBC
_cTES
_d33724002081652
_eTS1
_h48612
_i107352
_sb
949 _aTesis
_bBC
_cTES
_d33724002081694
_eTS2
_fc..2
_h48613
_i107352
_si
999 _c95724
_d95724